Statistics for Animal Crossing K.K. Slider Quiz

Click here to take the quiz!

General Stats

  • This quiz has been taken 92 times
  • The average score is 26 of 95

Answer Stats

ACACWWACCFACNLACNHSong% Correct
๐Ÿ—ธ๐Ÿ—ธ๐Ÿ—ธ๐Ÿ—ธ๐Ÿ—ธK.K. Rock
71%
๐Ÿ—ธ๐Ÿ—ธBubblegum K.K.
68%
๐Ÿ—ธ๐Ÿ—ธK.K. Disco
58%
๐Ÿ—ธ๐Ÿ—ธ๐Ÿ—ธ๐Ÿ—ธ๐Ÿ—ธK.K. Jazz
58%
๐Ÿ—ธ๐Ÿ—ธ๐Ÿ—ธ๐Ÿ—ธK.K. Metal
58%
๐Ÿ—ธ๐Ÿ—ธ๐Ÿ—ธ๐Ÿ—ธ๐Ÿ—ธK.K. Love Song
53%
๐Ÿ—ธWelcome Horizons
53%
๐Ÿ—ธ๐Ÿ—ธ๐Ÿ—ธ๐Ÿ—ธ๐Ÿ—ธK.K. Dirge
47%
๐Ÿ—ธ๐Ÿ—ธ๐Ÿ—ธStale Cupcakes
47%
๐Ÿ—ธ๐Ÿ—ธ๐Ÿ—ธ๐Ÿ—ธ๐Ÿ—ธI Love You
45%
๐Ÿ—ธDrivin'
42%
๐Ÿ—ธ๐Ÿ—ธ๐Ÿ—ธ๐Ÿ—ธ๐Ÿ—ธK.K. Tango
42%
๐Ÿ—ธ๐Ÿ—ธ๐Ÿ—ธ๐Ÿ—ธAgent K.K.
39%
๐Ÿ—ธ๐Ÿ—ธK.K. Birthday
39%
๐Ÿ—ธ๐Ÿ—ธ๐Ÿ—ธ๐Ÿ—ธK.K. Rockabilly
39%
๐Ÿ—ธAnimal City
37%
๐Ÿ—ธ๐Ÿ—ธ๐Ÿ—ธ๐Ÿ—ธ๐Ÿ—ธGo K.K. Rider
37%
๐Ÿ—ธ๐Ÿ—ธ๐Ÿ—ธ๐Ÿ—ธ๐Ÿ—ธK.K. Song
37%
๐Ÿ—ธ๐Ÿ—ธ๐Ÿ—ธ๐Ÿ—ธPondering
37%
๐Ÿ—ธ๐Ÿ—ธ๐Ÿ—ธ๐Ÿ—ธ๐Ÿ—ธImperial K.K.
34%
๐Ÿ—ธ๐Ÿ—ธK.K. Adventure
34%
๐Ÿ—ธ๐Ÿ—ธ๐Ÿ—ธ๐Ÿ—ธ๐Ÿ—ธK.K. Bossa
34%
๐Ÿ—ธ๐Ÿ—ธ๐Ÿ—ธ๐Ÿ—ธ๐Ÿ—ธK.K. March
34%
๐Ÿ—ธ๐Ÿ—ธ๐Ÿ—ธ๐Ÿ—ธ๐Ÿ—ธK.K. Parade
34%
๐Ÿ—ธ๐Ÿ—ธ๐Ÿ—ธ๐Ÿ—ธ๐Ÿ—ธK.K. Waltz
34%
๐Ÿ—ธ๐Ÿ—ธ๐Ÿ—ธ๐Ÿ—ธForest Life
32%
๐Ÿ—ธ๐Ÿ—ธ๐Ÿ—ธ๐Ÿ—ธ๐Ÿ—ธK.K. Aria
32%
๐Ÿ—ธ๐Ÿ—ธ๐Ÿ—ธ๐Ÿ—ธ๐Ÿ—ธK.K. Blues
32%
๐Ÿ—ธ๐Ÿ—ธ๐Ÿ—ธ๐Ÿ—ธ๐Ÿ—ธK.K. Cruisin'
32%
๐Ÿ—ธ๐Ÿ—ธ๐Ÿ—ธK.K. House
32%
๐Ÿ—ธ๐Ÿ—ธK.K. Synth
32%
๐Ÿ—ธ๐Ÿ—ธ๐Ÿ—ธ๐Ÿ—ธ๐Ÿ—ธRockin' K.K.
32%
๐Ÿ—ธ๐Ÿ—ธSpace K.K.
32%
๐Ÿ—ธ๐Ÿ—ธ๐Ÿ—ธWandering
32%
๐Ÿ—ธ๐Ÿ—ธ๐Ÿ—ธ๐Ÿ—ธ๐Ÿ—ธAloha K.K
29%
๐Ÿ—ธ๐Ÿ—ธ๐Ÿ—ธ๐Ÿ—ธ๐Ÿ—ธCafรฉ K.K.
29%
๐Ÿ—ธ๐Ÿ—ธ๐Ÿ—ธ๐Ÿ—ธ๐Ÿ—ธDJ K.K.
29%
๐Ÿ—ธ๐Ÿ—ธ๐Ÿ—ธ๐Ÿ—ธKing K.K.
29%
๐Ÿ—ธ๐Ÿ—ธ๐Ÿ—ธ๐Ÿ—ธ๐Ÿ—ธK.K. Folk
29%
๐Ÿ—ธ๐Ÿ—ธK.K. Island
29%
๐Ÿ—ธ๐Ÿ—ธ๐Ÿ—ธ๐Ÿ—ธ๐Ÿ—ธK.K. Lullaby
29%
๐Ÿ—ธ๐Ÿ—ธ๐Ÿ—ธ๐Ÿ—ธ๐Ÿ—ธK.K. Soul
29%
๐Ÿ—ธ๐Ÿ—ธ๐Ÿ—ธ๐Ÿ—ธ๐Ÿ—ธTwo Days Ago
29%
๐Ÿ—ธ๐Ÿ—ธ๐Ÿ—ธ๐Ÿ—ธ๐Ÿ—ธComrade K.K.
26%
๐Ÿ—ธFarewell
26%
๐Ÿ—ธ๐Ÿ—ธ๐Ÿ—ธ๐Ÿ—ธ๐Ÿ—ธK.K. Country
26%
๐Ÿ—ธ๐Ÿ—ธ๐Ÿ—ธ๐Ÿ—ธ๐Ÿ—ธK.K. D&B
26%
๐Ÿ—ธ๐Ÿ—ธ๐Ÿ—ธ๐Ÿ—ธ๐Ÿ—ธK.K. Salsa
26%
๐Ÿ—ธ๐Ÿ—ธ๐Ÿ—ธ๐Ÿ—ธMarine Song 2001
26%
๐Ÿ—ธ๐Ÿ—ธ๐Ÿ—ธSpring Blossoms
26%
๐Ÿ—ธ๐Ÿ—ธ๐Ÿ—ธ๐Ÿ—ธ๐Ÿ—ธSurfin' K.K.
26%
๐Ÿ—ธ๐Ÿ—ธ๐Ÿ—ธ๐Ÿ—ธ๐Ÿ—ธK.K. Ballad
24%
๐Ÿ—ธ๐Ÿ—ธ๐Ÿ—ธ๐Ÿ—ธ๐Ÿ—ธK.K. Chorale
24%
๐Ÿ—ธ๐Ÿ—ธ๐Ÿ—ธ๐Ÿ—ธ๐Ÿ—ธK.K. Condor
24%
๐Ÿ—ธ๐Ÿ—ธ๐Ÿ—ธ๐Ÿ—ธ๐Ÿ—ธK.K. Gumbo
24%
๐Ÿ—ธ๐Ÿ—ธ๐Ÿ—ธ๐Ÿ—ธ๐Ÿ—ธK.K. Mariachi
24%
๐Ÿ—ธ๐Ÿ—ธ๐Ÿ—ธ๐Ÿ—ธ๐Ÿ—ธK.K. Steppe
24%
๐Ÿ—ธ๐Ÿ—ธ๐Ÿ—ธ๐Ÿ—ธ๐Ÿ—ธK.K. Swing
24%
๐Ÿ—ธ๐Ÿ—ธ๐Ÿ—ธ๐Ÿ—ธMountain Song
24%
๐Ÿ—ธ๐Ÿ—ธ๐Ÿ—ธ๐Ÿ—ธ๐Ÿ—ธMr. K.K.
24%
๐Ÿ—ธ๐Ÿ—ธHypno K.K.
21%
๐Ÿ—ธ๐Ÿ—ธK.K. Flamenco
21%
๐Ÿ—ธ๐Ÿ—ธ๐Ÿ—ธ๐Ÿ—ธ๐Ÿ—ธK.K. Fusion
21%
๐Ÿ—ธ๐Ÿ—ธK.K. Jongara
21%
๐Ÿ—ธ๐Ÿ—ธ๐Ÿ—ธ๐Ÿ—ธ๐Ÿ—ธK.K. Mambo
21%
๐Ÿ—ธ๐Ÿ—ธ๐Ÿ—ธ๐Ÿ—ธ๐Ÿ—ธK.K. Technopop
21%
๐Ÿ—ธ๐Ÿ—ธ๐Ÿ—ธ๐Ÿ—ธ๐Ÿ—ธK.K. Western
21%
๐Ÿ—ธ๐Ÿ—ธ๐Ÿ—ธ๐Ÿ—ธMy Place
21%
๐Ÿ—ธ๐Ÿ—ธ๐Ÿ—ธ๐Ÿ—ธSteep Hill
21%
๐Ÿ—ธ๐Ÿ—ธ๐Ÿ—ธ๐Ÿ—ธ๐Ÿ—ธThe K. Funk
21%
๐Ÿ—ธ๐Ÿ—ธ๐Ÿ—ธ๐Ÿ—ธ๐Ÿ—ธK.K. Faire
18%
๐Ÿ—ธ๐Ÿ—ธ๐Ÿ—ธ๐Ÿ—ธ๐Ÿ—ธK.K. Lament
18%
๐Ÿ—ธ๐Ÿ—ธ๐Ÿ—ธ๐Ÿ—ธK.K. Marathon
18%
๐Ÿ—ธ๐Ÿ—ธK.K. Milonga
18%
๐Ÿ—ธ๐Ÿ—ธ๐Ÿ—ธ๐Ÿ—ธ๐Ÿ—ธK.K. Ska
18%
๐Ÿ—ธ๐Ÿ—ธ๐Ÿ—ธK.K. Sonata
18%
๐Ÿ—ธ๐Ÿ—ธK.K. Stroll
18%
๐Ÿ—ธ๐Ÿ—ธ๐Ÿ—ธ๐Ÿ—ธ๐Ÿ—ธOnly Me
18%
๐Ÿ—ธ๐Ÿ—ธK.K. Bazaar
16%
๐Ÿ—ธ๐Ÿ—ธ๐Ÿ—ธ๐Ÿ—ธK.K. Dixie
16%
๐Ÿ—ธ๐Ÿ—ธ๐Ÿ—ธ๐Ÿ—ธ๐Ÿ—ธK.K. ร‰tude
16%
๐Ÿ—ธ๐Ÿ—ธ๐Ÿ—ธ๐Ÿ—ธ๐Ÿ—ธK.K. Reggae
16%
๐Ÿ—ธ๐Ÿ—ธ๐Ÿ—ธ๐Ÿ—ธ๐Ÿ—ธK.K. Safari
16%
๐Ÿ—ธ๐Ÿ—ธ๐Ÿ—ธ๐Ÿ—ธ๐Ÿ—ธK.K. Samba
16%
๐Ÿ—ธ๐Ÿ—ธ๐Ÿ—ธ๐Ÿ—ธTo the Edge
16%
๐Ÿ—ธ๐Ÿ—ธK.K. Groove
13%
๐Ÿ—ธ๐Ÿ—ธ๐Ÿ—ธ๐Ÿ—ธ๐Ÿ—ธLucky K.K.
13%
๐Ÿ—ธ๐Ÿ—ธK.K. Oasis
11%
๐Ÿ—ธ๐Ÿ—ธ๐Ÿ—ธ๐Ÿ—ธK.K. Rally
11%
๐Ÿ—ธ๐Ÿ—ธK.K. Moody
8%
๐Ÿ—ธ๐Ÿ—ธ๐Ÿ—ธ๐Ÿ—ธ๐Ÿ—ธK.K. Ragtime
8%
๐Ÿ—ธ๐Ÿ—ธ๐Ÿ—ธ๐Ÿ—ธ๐Ÿ—ธK.K. Casbah
5%
๐Ÿ—ธ๐Ÿ—ธ๐Ÿ—ธ๐Ÿ—ธNeapolitan
5%
๐Ÿ—ธ๐Ÿ—ธ๐Ÿ—ธ๐Ÿ—ธ๐Ÿ—ธSoulful K.K.
5%
๐Ÿ—ธ๐Ÿ—ธ๐Ÿ—ธ๐Ÿ—ธ๐Ÿ—ธK.K. Calpyso
3%

Score Distribution

Percentile by Number Answered

Percent of People with Each Score

Your Score History

You have not taken this quiz